| 000 | 01299nam a22002897a 4500 | ||
|---|---|---|---|
| 005 | 20131031121746.0 | ||
| 010 | _aHIN-78765 | ||
| 020 |
_a8175735880 _c110.00 |
||
| 020 | _c150.00 | ||
| 035 | _aB-209807 | ||
| 037 | _bD.B.Act / ven | ||
| 037 | _bदिपला / | ||
| 082 | 1 | 4 | _aक |
| 245 | 1 |
_aमेरी प्रिय नैतिक कहानियाँ _cश्याम दूआ द्वारा सम्पादित |
|
| 260 |
_aदिल्ली _bटिनी टाँट पब्लिकेशन्स _c2004 |
||
| 260 |
_aनोएडा यू.पी _bटिनी टाँट पब्लिकेशन्स _c2012 |
||
| 260 | _aदिल्ली ( वितरक) यू.बी.एच. | ||
| 270 |
_a1376,कश्मीरी गेट _bदिल्ली _e110006 |
||
| 270 |
_aएच- 37, सेक्टर-63 _bनोएडा यू.पी _e201301 |
||
| 270 | _a15-यू.बी.बैग्लो रोड, जवाहर नगर | ||
| 300 |
_a144पृ _bसचित्र _c24 सेमी (सजिल्द) |
||
| 650 | _aबाल कहानियाँ | ||
| 650 | _aकहानियाँ | ||
| 650 | _aChildren Storys | ||
| 700 | _aश्याम दुआ | ||
| 942 |
_adpl _cCH _kक / मेरीप्रि _2ddc |
||
| 999 |
_c79896 _d79896 |
||